| 000 | 01422cam a22003855a 4500 | ||
|---|---|---|---|
| 001 | 16947271 | ||
| 003 | OSt | ||
| 005 | 20140310182225.0 | ||
| 008 | 110903s1994 nyu j 000 1 eng d | ||
| 010 | _a 2011489849 | ||
| 020 | _a0553481169 (pbk.) | ||
| 020 | _a9780553481167 (pbk.) | ||
| 035 | _a(OCoLC)ocm30834955 | ||
| 040 |
_aTFP _cTFP _dJED _dOCL _dOCLCQ _dBTCTA _dBAKER _dNZRPM _dVVW _dC#L _dDLC |
||
| 042 | _alccopycat | ||
| 050 | 0 | 0 |
_aPZ 7 _b.Su968s81 1994 |
| 082 | 0 | 4 |
_aFIC _bSU9sv #81 1994 |
| 100 | 1 |
_aSuzanne, Jamie. _94455 |
|
| 245 | 1 | 0 |
_aRobbery at the mall / _cwritten by Jamie Suzanne ; created by Francine Pascal. |
| 260 |
_aNew York : _bBantam Books, _c1994. |
||
| 300 |
_a138 p. ; _c20 cm. |
||
| 490 | 1 |
_aSweet Valley twins and friends ; _v81 |
|
| 500 | _aAt head of cover title: Stop! thief! | ||
| 520 | _aElizabeth and Maria are at the mall filming with Maria's new video camera when a nearby jewelry store is robbed. | ||
| 650 | 0 |
_aRobbery _vJuvenile fiction. _917670 |
|
| 650 | 0 |
_aShopping malls _vJuvenile fiction. _917671 |
|
| 700 | 1 |
_aPascal, Francine. _93767 |
|
| 710 | 2 |
_aCopyright Paperback Collection (Library of Congress) _5DLC _9705 |
|
| 740 | 0 | _aStop! thief! robbery at the mall. | |
| 830 | 0 |
_aSweet Valley twins and friends ; _v81. _917672 |
|
| 906 |
_a0 _bibc _ccopycat _d2 _encip _f20 _gy-genrareb |
||
| 942 |
_2lcc _cBK-FIC |
||
| 999 |
_c10779 _d10779 |
||